<?xml version="1.0" encoding="UTF-8"?>
<marc:record xmlns:marc="http://www.loc.gov/MARC21/slim">
   <marc:leader>00000nam a2200000 a 4500</marc:leader>
   <marc:datafield ind1="1" ind2=" " tag="100">
      <marc:subfield code="a">Sigg, Stephan</marc:subfield>
      <marc:subfield code="4">aut</marc:subfield>
      <marc:subfield code="e">Verfasser/-in</marc:subfield>
   </marc:datafield>
   <marc:datafield ind1=" " ind2=" " tag="653">
      <marc:subfield code="a">5. bis 10. Klasse</marc:subfield>
   </marc:datafield>
   <marc:datafield ind1=" " ind2=" " tag="653">
      <marc:subfield code="a">Glaubensfragen</marc:subfield>
   </marc:datafield>
   <marc:datafield ind1=" " ind2=" " tag="653">
      <marc:subfield code="a">Religion katholisch</marc:subfield>
   </marc:datafield>
   <marc:datafield ind1=" " ind2=" " tag="653">
      <marc:subfield code="a">Sekundarstufe I</marc:subfield>
   </marc:datafield>
   <marc:datafield ind1=" " ind2=" " tag="653">
      <marc:subfield code="a">Softcover / Schule</marc:subfield>
   </marc:datafield>
   <marc:datafield ind1=" " ind2=" " tag="653">
      <marc:subfield code="a">Lernen/Unterrichtsvorbereitung</marc:subfield>
   </marc:datafield>
   <marc:datafield ind1=" " ind2=" " tag="653">
      <marc:subfield code="a">Lehrmittel</marc:subfield>
   </marc:datafield>
   <marc:datafield ind1="0" ind2="0" tag="245">
      <marc:subfield code="a">Gottes Schöpfung in unserer Hand</marc:subfield>
   </marc:datafield>
   <marc:datafield ind1="0" ind2="0" tag="245">
      <marc:subfield code="b">Materialien zu Schöpfungslehre und -verantwortung für den Religionsunterricht</marc:subfield>
   </marc:datafield>
   <marc:datafield ind1="0" ind2="0" tag="245">
      <marc:subfield code="c">Stephan Sigg</marc:subfield>
   </marc:datafield>
   <marc:datafield ind1=" " ind2="1" tag="264">
      <marc:subfield code="a">Augsburg</marc:subfield>
      <marc:subfield code="b">Auer</marc:subfield>
      <marc:subfield code="c">2016</marc:subfield>
   </marc:datafield>
   <marc:datafield ind1=" " ind2=" " tag="250">
      <marc:subfield code="a">1. Auflage</marc:subfield>
   </marc:datafield>
   <marc:datafield ind1="1" ind2=" " tag="520">
      <marc:subfield code="a">Angaben aus der Verlagsmeldung

Gottes Schöpfung in unserer Hand : Materialien zu Schöpfungslehre und -verantwortung für den Religionsunterricht (5. bis 10. Klasse) / von Stephan Sigg

Macht euch die Erde untertan

Ob Klimawandel, die Ausbeutung natürlich Ressourcen oder die Schere zwischen Arm und Reich, die immer weiter auseinandergeht ? vor einem religiösen Hintergrund stellen sich hier spannende Fragen. Wie ist der Auftrag Gottes an den Menschen zu verstehen? Welche Verpflichtungen zu einem verantwortungsvollen Umgang mit der Welt halt der Mensch?

Problemorientierte Annäherung

Mit Hilfe der fachlich fundierten Materialien des vorliegenden Bandes können sich Ihre Schüler den Fragestellungen auf problemorientierte Art und Weise nähern. Dank des schülerorientierten Ansatzes fällt es den Schülerinnen und Schülern leicht, Erfahrungen aus ihrer Lebenswelt mit dem biblischen Schöpfungsauftrag zu verknüpfen und ihren eigenen Umgang mit der Schöpfung zu hinterfragen.

Kreative Auseinandersetzung mit religiösen Themen

Im Band enthalten sind außerdem verschiedene weiterführende Aufgaben, die es Ihren Schülern ermöglichen, sich auch über den Religionsunterricht hinaus kreativ mit der Problematik auseinanderzusetzen.

Die Themen:

- Die biblischen Schöpfungsberichte
- Schöpfungsmythen anderer Religionen
- Biblischer Schöpfungsbericht vs. Naturwissenschaften
- Warum ist die Schöpfung nicht perfekt?
- Schöpfungsverantwortung ? was heißt das heute?
- Gott in die Schöpfung ?pfuschen? - Medizin, Gentechnik, Intelligent Design
</marc:subfield>
   </marc:datafield>
   <marc:datafield ind1=" " ind2=" " tag="020">
      <marc:subfield code="a">9783403076391</marc:subfield>
      <marc:subfield code="9">9783403076391</marc:subfield>
   </marc:datafield>
   <marc:datafield ind1=" " ind2=" " tag="020">
      <marc:subfield code="a">3403076393</marc:subfield>
      <marc:subfield code="9">3403076393</marc:subfield>
   </marc:datafield>
   <marc:datafield ind1=" " ind2=" " tag="041">
      <marc:subfield code="a">ger</marc:subfield>
   </marc:datafield>
   <marc:datafield ind1=" " ind2=" " tag="300">
      <marc:subfield code="a">87 Seiten</marc:subfield>
   </marc:datafield>
</marc:record>
